| 000 | 00987nam a22002657a 4500 | ||
|---|---|---|---|
| 001 | BRCA_9433 | ||
| 003 | FranzMayer | ||
| 005 | 20230918130847.0 | ||
| 008 | 230906b |||||||| |||| 00| 0 eng d | ||
| 020 | _a9709703765 | ||
| 040 |
_aMFM _bESPAÑOL _cMFM |
||
| 050 | 0 |
_aN910 _bL36 2006 |
|
| 110 | 1 |
_4Responsable _aLanduci _929708 |
|
| 240 |
_aLa colección del instituto Nacional de Bellas Artes _lEspañol |
||
| 245 | 0 | _aLa colección del instituto Nacional de Bellas Artes | |
| 260 |
_aMéxico _bOcéano _c2006 |
||
| 300 |
_a485 p _bIlustraciones a color _c35 cm |
||
| 500 | _aAnexo 1 | ||
| 505 | _aTexto en: españolIncluye índice temáticoDirigido a: artistas, personas con interés en los museos de México | ||
| 650 | 1 |
_2México _aCiudad de México _vPalacio de Bellas Artes _929709 |
|
| 651 | 2 |
_2Artes visuales _aPintura _vBellas artes _929710 |
|
| 700 | 1 |
_4Colaborador _aLozano, Luís-Martín _929711 |
|
| 700 | 1 |
_4Colaborador _aZavala, Magdalena _929712 |
|
| 942 |
_2lcc _cB |
||
| 999 |
_c11055 _d11055 |
||